Top 50 Highest Rated 2K Players - Statistics

General Stats
  • This quiz has been taken 59 times
    46 since last reset
  • The average score is 17 of 57
Answer Stats
Hint Answer % Correct
96 Lebron James
90%
95 Stephen Curry
82%
98 Nikola Jokic
72%
95 Kevin Durant
59%
98 Giannis Antetokounmpo
56%
94 Joel Embiid
51%
96 Luka Doncic
51%
93 Karl-Anthony Towns
44%
95 Anthony Davis
38%
92 Damian Lillard
38%
93 Jalen Brunson
38%
92 Jaylen Brown
38%
95 Jayson Tatum
38%
90 Kawhi Leonard
38%
92 Kyrie Irving
38%
93 Devin Booker
36%
87 James Harden
36%
89 Tyrese Maxey
36%
94 Victor Wembanyama
36%
93 Anthony Edwards
33%
86 Jimmy Butler
33%
88 De’Aaron Fox
31%
90 LaMelo Ball
31%
87 DeMar DeRozan
28%
90 Domantas Sabonis
28%
86 Jalen Green
28%
88 Jalen Williams
28%
92 Ja Morant
28%
87 Alperen Sengun
26%
90 Cade Cunningham
26%
86 Derrick White
26%
93 Donovan Mitchell
26%
89 Kristaps Porzingis
26%
88 Pascal Siakam
26%
88 Tyrese Haliburton
26%
89 Evan Mobley
23%
90 Trae Young
23%
87 Zach LaVine
23%
88 Zion Williamson
23%
89 Darius Garland
21%
89 Jaren Jackson Jr.
21%
89 Paolo Banchero
21%
87 Scottie Barnes
21%
86 Bam Adebayo
18%
88 Chet Holmgren
18%
89 Franz Wagner
15%
88 Jarrett Allen
15%
98 SGA
15%
86 Brandon Ingram
13%
86 Julius Randle
13%
87 Tyler Herro
13%
100 Derf
3%
99 Diddy
3%
100 Donald Trump
3%
99 Drake
3%
100 John Wick
3%
100 Peter Griffin
0%
No matching quizzes found
Score Distribution
Percent of People with Each Score
Percentile by Number Answered
Your Score History
You have not taken this quiz since the last reset